Lo eterno

Guardat en:
Dades bibliogràfiques
Autor principal: Tickell, Jerrard (Autor)
Format: Llibre
Idioma:espanyol
Publicat: Barcelona Planeta 1960
Col·lecció:Colección Goliat
Matèries:
Etiquetes: Afegir etiqueta
Sense etiquetes, Sigues el primer a etiquetar aquest registre!

MARC

LEADER 00000nam a2200000 a 4500
001 UCX3427
003 CL-VaPUC
008 911106e19600000SP |||||||||||||||||spa|d
082 0 4 |a 813  |b TIC  |2 21 
100 0 |a Tickell, Jerrard  |e author  |9 319623 
245 1 0 |a Lo eterno 
300 |a 306 p 
942 |c BK 
945 |d 19911106 00:00:00 
260 |a Barcelona  |b Planeta  |c 1960 
650 0 |a Novelas estadounidenses  |9 265217 
583 |a last modification  |c 19911106 00:00:00  |k Rodrigo Vera 
490 0 |a Colección Goliat 
999 |c 224194  |d 224192 
952 |0 0  |1 0  |4 0  |6 813_000000000000000_TIC_1960  |7 0  |8 A  |9 220675  |a BIBEDU  |b BIBEDU  |d 2019-11-15  |i 2893959  |o 813 TIC 1960  |p 2893959  |r 2019-11-15  |w 2019-11-15  |y BK  |k LIT